| 000 | 00810cam a2200193 4500 | ||
|---|---|---|---|
| 001 | D2771 | ||
| 008 | 090401t1985 xxu||||| |||| 00| 0 eng d | ||
| 035 | _a(Sirsi) u70523 | ||
| 041 | _aeng | ||
| 050 | _a692.3 | ||
| 110 |
_aCo-ordinating Committee For Project Information _92751 |
||
| 245 | 2 | _aA common arrangement of work sections for specifications and quantities: a study for the Co-ordinating Committee for Project Information Stage 2 report, October 1984 | |
| 260 |
_aLondon _bCommittee for Project Information _c1985 |
||
| 300 | _a284p. 30cm | ||
| 350 | _a0 | ||
| 520 | _aThe Committee is sponsored by the Association of Consulting Engineers, Building Employer`s Confederation, Royal Institute of British Architects and Royal Institution of Charteres Surveyors | ||
| 942 | _n0 | ||
| 948 | _c04/03/1997 | ||
| 999 |
_c95334 _d95334 |
||